Viaje a la Isla de Puerto Rico en el año 1797 / (Record no. 89965)

MARC details
000 -LEADER
campo de control de longitud fija 00893nam a2200217 i 4500
001 - NÚMERO DE CONTROL
campo de control 89965
003 - IDENTIFICADOR DE NÚMERO DE CONTROL
campo de control ES-MaACL
005 - FECHA Y HORA DE LA ÚLTIMA TRANSACCIÓN
campo de control 20230906180318.0
007 - CAMPO FIJO DE DESCRIPCIÓN FÍSICA--INFORMACIÓN GENERAL
campo de control de longitud fija t|
008 - DATOS DE LONGITUD FIJA--INFORMACIÓN GENERAL
campo de control de longitud fija 050117s1957 pr ||||1| spa d
100 1# - ENTRADA PRINCIPAL--NOMBRE DE PERSONA
Nombre de persona Ledru, André Pierre.
9 (RLIN) 71169
245 10 - MENCIÓN DEL TÍTULO
Título Viaje a la Isla de Puerto Rico en el año 1797 /
Mención de responsabilidad, etc. André Pierre Ledru ; bajo la dirección del Capitán Nicolás Baudin ; traducido por Julio L. de Vizcarrondo ; prólogo de Eugenio Fernández Méndez.
250 ## - MENCION DE EDICION
Mención de edición [2ª ed.].
260 ## - PUBLICACIÓN, DISTRIBUCIÓN, ETC.
Lugar de publicación, distribución, etc. Puerto Rico :
Nombre del editor, distribuidor, etc. Universidad de Puerto Rico, Instituto de Literatura Puertorriqueña,
Fecha de publicación, distribución, etc. 1957.
300 ## - DESCRIPCIÓN FÍSICA
Extensión XXIII, 178 p. ;
Dimensiones 22 cm.
651 #4 - PUNTO DE ACCESO ADICIONAL DE MATERIA--NOMBRE GEOGRÁFICO
Nombre geográfico Puerto Rico-
Subdivisión general Descripción-
Subdivisión de forma Obras anteriores a 1800.
9 (RLIN) 165529
700 1# - ENTRADA AGREGADA--NOMBRE PERSONAL
Nombre de persona Baudin, Nicolás.
9 (RLIN) 26523
700 1# - ENTRADA AGREGADA--NOMBRE PERSONAL
Nombre de persona Vizcarrondo, Julio L.
9 (RLIN) 115618
700 1# - ENTRADA AGREGADA--NOMBRE PERSONAL
Nombre de persona Fernández Méndez, Eugenio.
9 (RLIN) 49921
852 ## - LOCALIZACIÓN
Ubicación ES-MaACL
Número de control de estantería C-18397
Sublocalización o colección R.46534
Holdings
Estatus retirado Estado de pérdida Estado de daño No para préstamo Biblioteca de origen Biblioteca actual Ubicación en estantería Fecha de adquisición Fuente de adquisición Total de préstamos Signatura topográfica completa Código de barras Visto por última vez Precio de reemplazo Tipo de ítem Koha
        Biblioteca del Ateneo de Madrid Biblioteca del Ateneo de Madrid Galería 17/01/2008     C-18397 1093952 23/02/2023 23/02/2023 Libro impreso